000 00840nam a2200253Ia 4500
003 OSt
005 20220923215718.0
006 a|||||r|||| 00| 0
007 ta
008 220922b |||||||| |||| 00| 0 hin d
024 _a181,109
037 _cTextual
040 _aARTS
_cARTS
_bhin
041 _2hin
_ahin
082 _aO152,1N2:g, K6
100 _aसिद्धेश्वर प्रसाद
245 0 _aछायावादोत्तर काव्य
246 _aChhāyāvādottar kāvya
260 _aदिल्ली
_b नेशनल पब्लि हाउस
_c1966
300 _a242 पृ.
_ccm.
650 _aहिन्दी साहित्य
_9156264
942 _hO152,1N2:g, K6
_cTEXL
_2CC
999 _c334487
_d334487